| 000 | 02134cam a22005294i 4500 | ||
|---|---|---|---|
| 003 | PE-LiUPU | ||
| 005 | 20250731180048.0 | ||
| 008 | 150617s r 000 0 d | ||
| 020 | _a9686630341 | ||
| 035 | _a(Sirsi) i9789686630343 | ||
| 040 |
_aPE-LiUPU _bspa _cPE-LiUPU _erda |
||
| 049 | _aPRUA | ||
| 082 | 0 | 4 |
_a519.507 _bH22 _221 |
| 100 | 1 |
_aHarnett, Donald L., _eautor. |
|
| 245 | 1 | 0 |
_aIntroducción al Análisis Estadístico / _cDonald L. Harnett. |
| 264 | 1 |
_aMéxico : _bAdisson-Wesley Iberoamericana, _cc1987. |
|
| 300 |
_a712 páginas : _bil. ; _c22 centímetros |
||
| 336 |
_atext _2rdacontent |
||
| 337 |
_aunmediated _2rdamedia |
||
| 338 |
_avolume _2rdacarrier |
||
| 505 | 0 | _aIntroducción y estadística descriptiva. -Teoría de probabilidades: espacios muestrales discretos. -Variables aleatorias discretas y valor esperado. -Distribuciones discretas de probabilidad. -Teoría de probabilidades: variables aleatorias continuas. -Muesteo y distribuciones muestrales. -Estimación. -Docimasia de hipótesis: Dócimas con varias muestras. -Teoría estadística de la decisión. -Regresión simple y análisis de la correlación. -Extensiones del análisis de la regresión y de la correlación. -Series cronológicas y números índices. | |
| 526 | _aSEG44 | ||
| 526 | _aSEG26 | ||
| 526 | _aP159 | ||
| 526 | _aP155 | ||
| 526 | _aP154 | ||
| 526 | _aP153 | ||
| 526 | _aP150 | ||
| 526 | _aP100 | ||
| 526 | _aP31 | ||
| 526 | _aP30 | ||
| 526 | _aP26 | ||
| 526 | _aP25 | ||
| 526 | _aP24 | ||
| 526 | _aP22 | ||
| 526 | _aP15 | ||
| 526 | _aP10 | ||
| 650 | 0 | 4 |
_aEstadística matemática. _91317 |
| 700 | 1 | _aJames L. Murphy. | |
| 910 |
_ajck _bjvq _cjck _d20150616 |
||
| 942 |
_2ddc _cBOOK |
||
| 949 |
_a519.507 H22 _wDEWEY _c1 _i32542 _lCCODEBUL1 _mBUL _r0 _sY _tBOOK _u2015-6-17 _xEDUCACION _zUNKNOWN _0COMPRA _o.STAFF. Colección General |
||
| 994 |
_aC0 _bPEPRU |
||
| 596 | _a1 | ||
| 999 |
_a519.507 H22 _wDEWEY _c4605 _i32542 _f2021-11-5 _g5 _lCCODEBUL1 _mBUL _r0 _sN _tBOOK _u2015-6-17 _xBIBLIOTECA _zUNKNOWN _0COMPRA _o.STAFF. Colección General _d4605 |
||
| 980 |
_81 _gALBERTO SANCHEZ Responsable de Automatización |
||